000
00207nam a22000857a 4500
001
1235191
005
20250930110959.0
245
_a
YAŞAM VE ÖLÜM
_c
BRIGITTE LABBE
260
_b
GÜNIŞIĞI KİTAPLIĞI YAYINLARI
999
_c
1235191
_d
1235191